000 00584nam a2200181 a 4500
005 20240925063829.0
008 011030s2000 r 000 0 eng d
035 _aUPN01000113619
049 _aCG
050 4 _aQA8.6
_bR6.4
100 1 _aRodríguez de Ita, Santa Soledad
245 1 0 _aHacia la construcción del concepto matemático de tridimensionalidad (ensayo) /
_cSanta Soledad Rodríguez de Ita.
260 _aMéxico :
_bUPN,
_c[199-].
300 _a66 h.
650 4 _aGeometría
_xEstudio y enseñanza
_919027
650 2 _aMatemáticas
_xFilosofía
_914449
905 _aLibro
999 _c87527
_d87527